000 00695nam a22002657a 4500
001 BR9705510
003 BR-BrBNA
005 20230928095751.0
007 ta
008 230509b bl.||||| |||| 00| 0 por d
040 _aBR-BrBNA
_bpor
_cBiblioteca Nacional de Agricultura
041 _a(Por)
072 _aE70
_b2120
_b9910
090 _ 2120 BR9705510
110 1 _aInstituto Brasileiro do Cafe, Rio de Janeiro, RJ (Brasil)
_95880
245 1 _aABC do cafe
250 1 _a2. ed.
260 3 _aRio de Janeiro, RJ (Brasil):
_c1973.
300 _a73 p.
650 _aCafe
650 _aCafe Tratado
650 _aComercializacao
909 _a202309
_bLucia
_c55
_dLucia Elande
942 _cBK
999 _c58545
_d58545